| 000 | 00990nac a22002651u 4500 | ||
|---|---|---|---|
| 999 |
_c6020 _d6020 |
||
| 003 | EG-ScBUE | ||
| 005 | 20210206102110.0 | ||
| 008 | 080817s2005 le f 000 0e ara d | ||
| 040 |
_aEG-ScBUE _bara _erda _cEG-ScBUE _dEG-ScBUE |
||
| 082 | 0 | 4 |
_a892.746 _bق ص ي _222 |
| 100 | 1 |
_aالقصيمي، عبد الله، _d1907-1997، _eمؤلف. _916398 |
|
| 245 | 1 | 0 |
_aعاشق لعار التاريخ / _cعبد الله القصيمي. |
| 250 | _aالطبعة الثانية. | ||
| 264 | 1 |
_aبيروت : _bمؤسسة الانتشار العربي، _c2005. |
|
| 300 |
_a183 صفحة ؛ _c24 سم |
||
| 336 |
_2rdacontent _aنص _btxt |
||
| 337 |
_2rdamedia _aبدون وسيط _bn |
||
| 338 |
_2rdacarrier _aمجلد _bnc |
||
| 541 |
_aالف باء؛ _cشراء؛ |
||
| 650 | 7 |
_aالمقالات العربية _zالسعودية _yقرن 20. _2BUEsh _922251 |
|
| 651 | _2BUEsh | ||
| 653 |
_bARALIT _cFebruary2021 |
||
| 655 |
_vReading book _934232 |
||
| 942 |
_cBB _k814.9538 ق ص ي _2ddc |
||